| 000 | 00371nam a22001457a 4500 | ||
|---|---|---|---|
| 008 | 230320b ||||| |||| 00| 0 eng d | ||
| 020 | _a9780323057271 | ||
| 041 | _aeng | ||
| 080 |
_2SIXTH EDITION _a61 |
||
| 082 | _a61JAR | ||
| 100 | _a3 | ||
| 101 | _aMJEKSI | ||
| 245 |
_aCLINICAL MANIFESSTATIONS AND ASSESSMENT OF RASPIRATORY DISEASE _cJARDINS D.T |
||
| 942 |
_2udc _cBK |
||
| 999 |
_c59394 _d59394 |
||